Технология ремонта элементов двухконтурного теплообменника; Современные техника и технологии; Т. 1

Podrobná bibliografie
Parent link:Современные техника и технологии: сборник трудов XV Международной научно-практической конференции студентов, аспирантов и молодых ученых, Томск, 4-8 мая 2009 г/ Национальный исследовательский Томский политехнический университет (ТПУ).— , 2009
Т. 1.— 2009.— [С. 289-290]
Hlavní autor: Березиков В. В.
Další autoři: Егоров Ю. П. (научный руководитель)
Shrnutí:Заглавие с титульного листа
Электронная версия печатной публикации
Jazyk:ruština
Vydáno: 2009
Témata:
On-line přístup:http://www.lib.tpu.ru/fulltext/c/2009/C01/V1/144.pdf
Médium: MixedMaterials Elektronický zdroj Kapitola
KOHA link:https://koha.lib.tpu.ru/cgi-bin/koha/opac-detail.pl?biblionumber=242196

MARC

LEADER 00000naa2a2200000 4500
001 242196
005 20251219134518.0
035 |a (RuTPU)RU\TPU\book\263495 
035 |a RU\TPU\book\263473 
090 |a 242196 
100 |a 20130828d2009 k y0rusy50 ca 
101 0 |a rus 
102 |a RU 
135 |a drnn ---uucaa 
181 0 |a i  
182 0 |a b 
200 1 |a Технология ремонта элементов двухконтурного теплообменника  |f В. В. Березиков  |g науч. рук. Ю. П. Егоров 
203 |a Текст  |c электронный 
215 |a 1 файл (575 Кб) 
300 |a Заглавие с титульного листа 
300 |a Электронная версия печатной публикации 
337 |a Adobe Reader 
461 0 |0 (RuTPU)RU\TPU\book\261117  |t Современные техника и технологии  |o сборник трудов XV Международной научно-практической конференции студентов, аспирантов и молодых ученых, Томск, 4-8 мая 2009 г  |o в 3 т.  |f Национальный исследовательский Томский политехнический университет (ТПУ)  |d 2009 
463 0 |0 (RuTPU)RU\TPU\book\261157  |t Т. 1  |v [С. 289-290]  |d 2009 
610 1 |a электронный ресурс 
610 1 |a труды учёных ТПУ 
610 1 |a теплообменники 
610 1 |a двухконтурные двигатели 
610 1 |a ремонт 
610 1 |a промышленные помещения 
610 1 |a конструкции 
610 1 |a дефекты 
610 1 |a пайка 
610 1 |a припои 
610 1 |a схемы расположения 
610 1 |a соединения 
700 1 |a Березиков  |b В. В. 
702 1 |a Егоров  |b Ю. П.  |4 727 
801 1 |a RU  |b 63413507  |c 20130617 
801 2 |a RU  |b 63413507  |c 20131103  |g RCR 
856 4 |u http://www.lib.tpu.ru/fulltext/c/2009/C01/V1/144.pdf 
942 |c CF